| 000 | 00696cam a22002417a 4500 | ||
|---|---|---|---|
| 001 | 000005547 | ||
| 005 | 20200929151717.0 | ||
| 008 | 820927s2001 sp 000 0 spa | ||
| 010 | _a82212695 | ||
| 020 | _a846630360X | ||
| 040 |
_aDO-SdBNP _bspa _cBNPHU |
||
| 082 |
_aA863.4 _bC827a |
||
| 100 | 1 |
_aCortázar, Julio, _d1914-1984 _910688 |
|
| 245 | 1 | 4 |
_aLas armas secretas / _cJulio Cortázar. |
| 260 |
_a[Madrid] : _bSuma de Letras, _c2001. |
||
| 300 |
_a221p. ; _c20 cm. |
||
| 490 | 1 |
_aPunto de lectura _v79/5 |
|
| 650 | 4 |
_aCuentos argentinos _93752 |
|
| 650 | 4 |
_aLiteratura argentina _93860 |
|
| 830 | 0 |
_aPunto de lectura ; _v79/5 _93047 |
|
| 910 | _aCatalogación derivada | ||
| 910 | _aWM | ||
| 999 |
_c5346 _d5346 |
||